000 00320nam a22001337a 4500
008 170927b xxu||||| |||| 00| 0 eng d
020 _a9781878289636
041 _aeng
080 _a37
100 _a47
101 _aEDU
245 _aEVALUATION AND IMPLEMENTATION OF DISTANCE LEARNING
_cBELANGER,F
942 _2udc
_cBK
999 _c30321
_d30321